| 000 | 01610cam a22003497a 4500 | ||
|---|---|---|---|
| 999 |
_c331927 _d331927 |
||
| 001 | 14326832 | ||
| 003 | NUST | ||
| 005 | 20171102124206.0 | ||
| 008 | 060403s2006 nyua 001 0 eng d | ||
| 010 | _a 2006295860 | ||
| 015 |
_aGBA572820 _2bnb |
||
| 016 | 7 |
_a013282497 _2Uk |
|
| 020 | _a0071464166 (hbk.) | ||
| 035 | _a(OCoLC)ocm61424753 | ||
| 040 |
_aUKM _cUKM _dBAKER _dDLC |
||
| 042 | _alccopycat | ||
| 050 | 0 | 0 |
_aTD749 _b.C56 2006 |
| 082 | 0 | 4 |
_a628.354 WEF _222 |
| 245 | 0 | 0 |
_aClarifier design / _cprepared by Clarifier Design Task Force of the Water Environment Federation ; [under the direction of the MOP-8 subcommittee of the Technical Practice Committee]. |
| 250 | _a2nd ed. | ||
| 260 |
_aNew York : _bMcGraw-Hill, _cc2006. |
||
| 300 |
_axl, 704 p. : _bill. ; _c25 cm. |
||
| 490 | 1 |
_aWEF manual of practice ; _vno. FD-8 |
|
| 500 | _aIncludes index. | ||
| 501 | _aH.B | ||
| 650 | 0 |
_aSewage clarifiers. _95868 |
|
| 710 | 2 |
_aWater Environment Federation. _bClarifier Design Task Force. _95869 |
|
| 830 | 0 |
_aManual of practice. _pOperations and maintenance ; _vno. FD-8. _95870 |
|
| 856 | 4 | 2 |
_3Contributor biographical information _uhttp://www.loc.gov/catdir/enhancements/fy0634/2006295860-b.html |
| 856 | 4 | 2 |
_3Publisher description _uhttp://www.loc.gov/catdir/enhancements/fy0634/2006295860-d.html |
| 856 | 4 | 1 |
_3Table of contents only _uhttp://www.loc.gov/catdir/enhancements/fy0634/2006295860-t.html |
| 906 |
_a7 _bcbc _ccopycat _d2 _encip _f20 _gy-gencatlg |
||
| 942 |
_2ddc _cBK _kIESE |
||